| 000 | 00584nam a2200241Ia 4500 | ||
|---|---|---|---|
| 008 | 171120s9999 xx 000 0 und d | ||
| 050 | _a234 | ||
| 050 | _bW572 1978 | ||
| 100 | _aWhile, E.G. | ||
| 245 | _aSteps to Christ / | ||
| 245 | _cby E.G. While. | ||
| 260 | _aArizona : | ||
| 260 | _bInspiration Books, | ||
| 260 | _c1978 | ||
| 300 | _a89 pages : | ||
| 300 | _billustrations ; | ||
| 300 | _c17cm. | ||
| 650 | _aChristian life -- | ||
| 650 | _aSalvation. | ||
| 650 | _aWhite, Elle Goul Harmon, -- 1827-1915. | ||
| 650 | _xSteps to Christ. | ||
| 700 | _aTitle. | ||
| 999 |
_c345443 _d345443 |
||